| 000 | 00594cab a2200229 4500 | ||
|---|---|---|---|
| 001 | X995 | ||
| 008 | 090401t1993 xxu||||| |||| 00| 0 eng d | ||
| 035 | _a(Sirsi) u68557 | ||
| 041 | _aeng | ||
| 100 | _aHumphrey, J. | ||
| 245 | 4 | _aThe great man-made river project | |
| 260 | _c1993 | ||
| 350 | _a0 | ||
| 490 |
_aSurveying World _v1(6) September 1993, 14-16(3) |
||
| 650 | _aCIVIL ENGINEERING | ||
| 650 | _aLIBYA | ||
| 650 | _aMAN-MADE RIVER | ||
| 650 | _aSPATIAL INFORMATION | ||
| 690 | _aMANAGEMENT-BUSINESS MANAGEMENT-INFORMATION MANAGEMENT | ||
| 942 | _n0 | ||
| 948 | _c04/03/1997 | ||
| 999 |
_c43013 _d43013 |
||